000 00289pam a2200121 a 4500
020 _c
041 _h
082 _a658
_bSAL
100 _aSALUNKHE M. B.,
245 _aSWATANTRYA SAINIKANCHYA AATHWANI (MARATHI)
_hTextual Documents
260 _aPUNE
_bSAHKAR DIARY
_c1983
930 _a11263
999 _c130707
_d130707